000 00217 a2200097 4500
001 876
100 _aThomson,J
245 _aDevises textbook of radio vol-3 electronis
260 _a
_bH M S
_c1955
090 _c467
_d467
942 _aNUST-CAE
_c31011
_cM
999 _c235949
_d235949